History Quiz

Random History or World Quiz

World Independence Days Quiz Stats

 Plays Quiz Updated Dec 23, 2018

Support Sporcle.
Go Orange.
Score 0/22 Timer 08:00
2 Plays Today
Date of Independence Country % Correct
July 4, 1776United States
99%
September 16, 1810Mexico
78.4%
September 7, 1822Brazil
75.7%
February 27, 1844Dominican Republic
59.9%
August 15, 1947India
50.4%
May 21, 2006Montenegro
42%
July 1, 1867Canada
40.2%
October 8, 1991Croatia
37.6%
May 24, 1993Eritrea
36.9%
June 30, 1960Democratic Republic of the Congo
36.3%
March 26, 1971Bangladesh
35.8%
Date of Independence Country % Correct
May 20, 2002East Timor
33.5%
June 17, 1944Iceland
30.6%
December 6, 1917Finland
30.1%
July 5, 1962Algeria
28.5%
March 21, 1990Namibia
25.1%
July 21, 1830Belgium
25.1%
September 16, 1975Papua New Guinea
24%
September 22, 1908Bulgaria
19.9%
November 18, 1956Morocco
19.5%
January 1, 1962Samoa
19.1%
July 26, 1847Liberia
12.7%

From the Vault

25 Years of Music Videos

by lolshortee

Music 8m
When a music video gets 3 billion YouTube plays, you should probably be familiar with it.
Remove Ads.
Support Sporcle.
Get the best of Sporcle when you Go Orange. This ad-free experience offers more features, more stats, and more fun while also helping to support Sporcle. Thank you for becoming a member.

Show Comments

Extras

Top Quizzes Today


Score Distribution

Your Account Isn't Verified!

In order to create a playlist on Sporcle, you need to verify the email address you used during registration. Go to your Sporcle Settings to finish the process.

Report this User

Report this user for behavior that violates our Community Guidelines.

Details: